Globalisierung, Konzernstrukturen und Konvergenz der Arbeitsorganisation
Salvato in:
| Autore principale: | |
|---|---|
| Altri autori: | |
| Natura: | Libro |
| Lingua: | tedesco |
| Pubblicazione: |
Wien
Institut für Höhere Studien
1993
|
| Edizione: | 1. Aufl. |
| Serie: | Forschungsbericht
No. 325 |
| Soggetti: | |
| Tags: |
Nessun Tag, puoi essere il primo ad aggiungerne!!
|
MARC
| LEADER | 00000nam a2200000 4500 | ||
|---|---|---|---|
| 001 | c005612 | ||
| 005 | 20221214082142.2 | ||
| 041 | 0 | |a ger | |
| 044 | |a AT | ||
| 245 | 1 | 0 | |a Globalisierung, Konzernstrukturen und Konvergenz der Arbeitsorganisation |c Jörg Flecker, Gerd Schienstock |
| 250 | |a 1. Aufl. | ||
| 264 | 1 | |a Wien |b Institut für Höhere Studien |c 1993 | |
| 300 | |a 25 s. | ||
| 490 | 1 | |a Forschungsbericht |v No. 325 | |
| 830 | 0 | |a Forschungsbericht |v No. 325 | |
| 610 | 2 | 0 | |a globalizácia |
| 610 | 2 | 0 | |a koncerny |
| 610 | 2 | 0 | |a štruktúra organizačná |
| 610 | 2 | 0 | |a organizácia podniku |
| 610 | 2 | 0 | |a reštrukturalizácia |
| 610 | 2 | 0 | |a trh |
| 610 | 2 | 0 | |a kontrola |
| 610 | 2 | 0 | |a dane |
| 610 | 2 | 0 | |a inovácia |
| 610 | 2 | 0 | |a organizácia práce |
| 610 | 2 | 0 | |a stratégia podniková |
| 100 | 1 | |a Flecker, Jörg | |
| 700 | 1 | |a Schienstock, Gerd | |